Introduction To Environmental Toxicology Impacts Of Chemicals Upon Ecological Systems (Record no. 34147)

MARC details
000 -LEADER
fixed length control field 00389nam a22001457a 4500
003 - CONTROL NUMBER IDENTIFIER
control field OSt
005 - DATE AND TIME OF LATEST TRANSACTION
control field 20220401102305.0
008 - FIXED-LENGTH DATA ELEMENTS--GENERAL INFORMATION
fixed length control field 220401b |||||||| |||| 00| 0 eng d
020 ## - INTERNATIONAL STANDARD BOOK NUMBER
International Standard Book Number 1566706602
040 ## - CATALOGING SOURCE
Transcribing agency HU
082 ## - DEWEY DECIMAL CLASSIFICATION NUMBER
Edition number 3rd
Classification number 571.95
100 ## - MAIN ENTRY--PERSONAL NAME
Personal name Landis
9 (RLIN) 34959
245 ## - TITLE STATEMENT
Title Introduction To Environmental Toxicology Impacts Of Chemicals Upon Ecological Systems
942 ## - ADDED ENTRY ELEMENTS (KOHA)
Source of classification or shelving scheme Dewey Decimal Classification
Koha item type Books like text book referance book
Suppress in OPAC No
Holdings
Withdrawn status Lost status Source of classification or shelving scheme Damaged status Not for loan Home library Current library Shelving location Date acquired Total Checkouts Full call number Barcode Date last seen Copy number Price effective from Koha item type
    Dewey Decimal Classification     IoT Library IoT Library General Stacks 04/01/2022   571.95/LAN/2004 IOTL0019328 04/01/2022 1 04/01/2022 Books like text book referance book